| 000 | 00932cam a22001935a 4500 | ||
|---|---|---|---|
| 001 | L150073 | ||
| 008 | 100528e2010 xxk 000 0 eng d | ||
| 035 | _a(Sirsi) u150073 | ||
| 041 | 0 | _aeng | |
| 100 | 1 | _aWatson, Stuart | |
| 245 | 0 | 0 |
_aMarkets _bsheds |
| 260 | _c2010 | ||
| 490 | 0 |
_aProperty Week _v76(20) 21 May 2010, 43-66(6) |
|
| 520 | _aPrologis presents its cautious growth plan. Internet retailers drive recovery in the market for big distribution warehouses. Gerald Eve report shows Scotland as best-performing region for the multi-let estates sector. Segro pays £111m for BAA's 50% stake in the joint venture with Aviva which owns industrial assets around British airports. CB Richard Ellis integrates recent acquisition industrial agency M3, with its own UK industrial operation. | ||
| 590 | _aKA | ||
| 651 | 4 |
_aUnited Kingdom _y |
|
| 690 | _aPROPERTY-COMMERCIAL PROPERTY-COMMERCIAL PROPERTY MARKET | ||
| 942 | _n0 | ||
| 999 |
_c82385 _d82385 |
||